| 000 | 01136nac a22003011i 4500 | ||
|---|---|---|---|
| 003 | EG-ScBUE | ||
| 005 | 20250218094447.0 | ||
| 008 | 250210s2003 ii a f b 001 0 eng d | ||
| 020 | _a8120305086 | ||
| 020 | _a9788120305083 | ||
| 040 |
_aEG-ScBUE _beng _erda _cEG-ScBUE _dEG-ScBUE |
||
| 082 | 0 | 4 |
_a519.5 _bTRI _222 |
| 100 | 1 |
_aTrivedi, Kishor Shridharbhai, _d1946- _eauthor. |
|
| 245 | 1 | 0 |
_aProbability and statistics with reliability, queuing, and computer science applications / _bKishor Shridharbhai Trivedi, Duke University, Durham, North Carolina. |
| 250 | _aFifteenth printing. | ||
| 264 | 1 |
_aNew Delhi : _bPrentic-Hall of India, _c2003. |
|
| 300 |
_ax, 624 pages : _billustrations ; _c22 cm |
||
| 336 |
_2rdacontent _atext _btxt |
||
| 337 |
_aunmediated _2rdamedia _bn |
||
| 338 |
_avolume _bnc _2rdacarrier |
||
| 504 | _aIncludes bibliographical references and index. | ||
| 650 | 7 |
_aMathematical statistics _xData processing. _2BUEsh |
|
| 650 | 7 |
_aProbabilities _xData processing. _2BUEsh |
|
| 650 | 7 |
_aEngineering mathematics. _2BUEsh |
|
| 650 | 7 |
_aComputer algorithms. _2BUEsh |
|
| 655 | _vReading book | ||
| 942 |
_cBB _2ddc |
||
| 999 |
_c3185 _d3185 |
||